00730nam a2200241 a 4500001001300000003000900013005001700022008004100039020002300080082001600103100001400119245004100133260004200174300001000216500003500226505003400261650001800295700001400313902000800327942000700335952012900342999001700471nice12345678IN_TiNIC20260116013309.0050524s1998 dela grp 000 0 eng  a8173059 c65000a297.09bENA aEnan, M A aHistory of Islamb Decisive Moments. aDelhibAryan Book Internationalc1998 a323p. aincludes index and biblioraphy2 amasterpice library of islam-4 aIslam-History1 aEnan, M A bSRS cBK 001040708StackRoom-aHMIbHMId2010-04-13g650.00l2o297.09 ENAp017974r2019-07-26s2019-07-11v650.00w2005-05-24yBK c10460d10460